000 00768nam a2200181Ia 4500
008 100921s9999 xx 000 0 und d
082 _b28482
_a040 थ 95
100 _aरजनीश भगवान,संपा,स्वामी चअतन्य भारती,स्वामी आनंद सत्यार्थी.
245 _aअध्यात्म उपनिषद.
260 _bरेबल प्रकाशन,पुणे.
_c1995
300 _a324
_b---
365 _b0
520 _aसंकीर्ण-लेख,निबंध.
630 _aअध्यात्म उपनिषद.
650 _aसंकीर्ण-लेख,निबंध.
730 _aअध्यात्म उपनिषद.
942 _cBOOK
999 _c777595
_d777592